| 000 | 00709nam a22001937a 4500 | ||
|---|---|---|---|
| 003 | UA-OsUOA | ||
| 001 | 43682 | ||
| 007 | ta | ||
| 008 | 20091022b un ||||| |||| 00| 0 ukr d | ||
| 090 |
_a050 _bН35 |
||
| 942 | _cNP | ||
| 040 |
_aUA-OsUOA _bukr _cUA-OsUOA _dUA-OsUOA |
||
| 245 |
_aНаціональна трибуна _b2009: 15 лютого, №6; 22 лютого, №7; 8 березня, №9; 15 березня, №10; 22 березня, №11 |
||
| 955 | _a4 | ||
| 041 | _aukr | ||
| 080 | _a050 | ||
| 650 | 7 |
_a050 Серійні публікації. Періодика галузі, Організація та інші типи поєднання (співробітництва) _2UDC |
|
| 999 |
_c442158 _d442158 |
||